Loading...
| History - American History | 1 | 7 | 0 | 3 | 85 | 63 | 106.38 | 2 | 5 |
| History - European History | 1 | 3 | 0 | 1 | 45 | 49 | 93.75 | 2 | 2 |
| Literature - European Literature | 0 | 4 | 0 | 2 | 40 | 103 | 123.50 | 1 | 2 |
| Fine Arts - Visual Fine Arts | 0 | 3 | 0 | 1 | 30 | 77 | 100.00 | 1 | 3 |
| Religion | 0 | 3 | 0 | 3 | 30 | 119 | 126.33 | 0 | 2 |
| Science - Other Science | 1 | 1 | 0 | 0 | 25 | 18 | 56.00 | 0 | 2 |
| Literature - British Literature | 1 | 1 | 0 | 0 | 25 | 37 | 62.00 | 1 | 2 |
| Social Science | 0 | 2 | 0 | 1 | 20 | 96 | 111.00 | 0 | 1 |
| Geography | 0 | 2 | 0 | 0 | 20 | 71 | 91.50 | 0 | 2 |
| History - Other History | 0 | 2 | 0 | 0 | 20 | 78 | 85.00 | 0 | 2 |
| Mythology | 1 | 1 | 1 | 1 | 20 | 33 | 86.00 | 1 | 2 |
| Current Events | 0 | 2 | 0 | 0 | 20 | 81 | 94.50 | 0 | 1 |
| Science - Physics | 0 | 1 | 0 | 1 | 10 | 106 | 106.00 | 1 | 1 |
| Other Academic | 0 | 1 | 0 | 1 | 10 | 136 | 136.00 | 0 | 1 |
| Philosophy | 0 | 1 | 0 | 0 | 10 | 85 | 85.00 | 0 | 1 |
| History - World History | 0 | 1 | 0 | 0 | 10 | 101 | 101.00 | 0 | 1 |
| Science - Biology | 0 | 1 | 0 | 1 | 10 | 104 | 104.00 | 0 | 0 |
| Fine Arts - Other Fine Arts | 0 | 1 | 0 | 1 | 10 | 135 | 135.00 | 0 | 1 |
| Literature - American Literature | 0 | 1 | 0 | 0 | 10 | 103 | 103.00 | 0 | 1 |
| Literature - World Literature | 0 | 1 | 0 | 0 | 10 | 147 | 147.00 | 0 | 1 |